CF Histoire du Japon - partie 1 - Statistiques

Statistiques générales
  • Ce quiz a été pris 159 fois
  • Le résultat moyen est 17 sur 37
Statistiques - réponses
Nom des grandes période de culturation du Japon Réponses % Correct
La ville la plus peuplée du monde dans les années 1700 (1M d'habitants) Edo
85%
Nom de la religion traditionnelle du Japon qui favorise l'adoration de l'empereur Shintoïsme
71%
Nom des seigneurs de guerre/propriétaires terrienssous l'autorité du shogun Daimyo
68%
Nom de la nouvelle ère qui s'ouvre en 1868 avec le jeune tenno Mutsuhito Meiji
68%
La population japonaise entre le 16e et le 18e siècle a été multipliée par ... 3
67%
Adversaire du Japon pendant une guerre de 1904 à 1905 : victoire japonaise qui stupéfait le monde après la bataille décisive de Tsushima Russie
64%
-14000 à -500; poterie Jômon
61%
Nom du gouvernement militaire shogunal (1192-1868) Bakufu
57%
Philosophie basée sur les valeurs militaires Bushido
56%
Date de l'arrivée du Comodore Matthew Perry 1853
52%
Date de la convention de Kanagawa : ouverture commerciale du Japon 1854
51%
Date de l'annexion de la Corée 1910
51%
Période de fermeture du pays de 1650 à 1842 Sakoku
51%
Nom du premier shogun de l'ère Edo Tokugawa Ieyasu
51%
Date du déplacement du shogunat à Edo 1603
49%
250-538; sinisation Kofun
49%
Date de la Constitution Meiji : le Japon devient la 1ere monarchie constitutionnelle du monde non occidental 1889
48%
Date de la révolte de Satsuma (baroud d'honneur des derniers samurai) 1877
47%
-300 à 300; bronze Yayoi
47%
Date de l'instauration d'un protectorat japonais en Corée (après sa révolte contre la Chine) et à Taiwan 1895
43%
Date de la mort de Mutsuhito qui marque la fin de l'ère Meiji : passage à l'empereur Yoshihito (ère Taisho) 1895
43%
Date de création de l'office d'investigation des ouvrages barbares : but d'acquérirla technologie occidentale 1857
41%
Nom de la guerre entre clans entre 1868 et 1869 : victoire des réfractaires aushogunat Boshin
41%
Nom des grandes entreprises qui sont au coeur de l'économie du Japon (Mitsui, Suimitomo, Mitsubishi, Mizuho) Zaibatsu
40%
Date des bombardements occidentaux sur Shimonoseki 1864
39%
Date de l'alliance secrète entre le clan Satsuma et Chôshû réalisée à l'aide d'un pelo dans le but de renverser le shogunat et remettre l'empereur 1866
39%
Non de la période 1853-1868 : fin du shogunat Bakumatsu
35%
Les 1870s voient le changement du pays avec de nombreuses ... réformes
35%
Date de l'édit du nom de la réponse précédente (navires portugais et néerlandaiscantonnés à Nagasaki, interdiction aux Japonais d'aller à l'étranger) 1635
33%
Nom de la paix qui dure +250 ans durant le shogunat Pax Tokugawa
33%
Date de l'embarquement illégal des 5 génies de Chôshû pour l'Europe 1863
31%
Nom de "la 1ère mission diplomatique" du Japon en quête de savoirs occidentaux (1871-1873) Iwakura
28%
Nom de celui qui a permis cette alliance, assassiné en 1867 en laissant derrière lui le texte "Huit mesures sur un bateau" Sakamoto Ryoma
28%
Système imposé aux seigneurs qui doivent alterner entre la capitale et leur domaine Sankin Kôtai
27%
le vrai goat Mouton Gautier
24%
6 avril 1868 : c'est le... serment des cinq articles
24%
L'année où Kyoto devient la capitale féodale 794
23%
Aucun quiz correspondant
Distribution des résultats
% des personnes avec chaque résultat
Percentile par nombre de réponses
Votre historique - résultats
Vous n’avez pas pris ce quiz